LEADER 01604nam 2200469 450 001 9910792582503321 005 20231126113233.0 035 $a(CKB)3710000000964550 035 $a(DLC) 2016050248 035 $a(MiAaPQ)EBC4753485 035 $a(EXLCZ)993710000000964550 100 $a20161215h20162016 uy 0 101 0 $aeng 135 $aurcnu|||||||| 181 $2rdacontent 182 $2rdamedia 183 $2rdacarrier 200 00$aCognitive individual differences in second language processing and acquisition /$fedited by Gisela Granena, Daniel O. Jackson, Yucel Yilmaz 210 1$aAmsterdam, [Netherlands] ;$aPhiladelphia, [Pennsylvania] :$cJohn Benjamins Publishing Company,$d2016. 210 4$d©2016 215 $a1 online resource (361 pages) 225 0 $aBilingual Processing and Acquisition,$x2352-0531 ;$vVolume 3 311 $a90-272-4374-3 311 $a90-272-6632-8 320 $aIncludes bibliographical references at the end of each chapters and index. 606 $aSecond language acquisition 606 $aIndividual differences 606 $aPsycholinguistics 615 0$aSecond language acquisition. 615 0$aIndividual differences. 615 0$aPsycholinguistics. 676 $a401/.93 702 $aGranena$b Gisela 702 $aJackson$b Daniel O. 702 $aYilmaz$b Yucel$f1977- 801 0$bMiAaPQ 801 1$bMiAaPQ 801 2$bMiAaPQ 906 $aBOOK 912 $a9910792582503321 996 $aCognitive individual differences in second language processing and acquisition$93697305 997 $aUNINA LEADER 03121oas 2200949 a 450 001 9910895599703321 005 20260218110848.0 035 $a(DE-599)ZDB2724928-1 035 $a(OCoLC)363312716 035 $a(CONSER) 2010267052 035 $a(CKB)1000000000392159 035 $a(DE-599)2724928-1 035 $a(EXLCZ)991000000000392159 100 $a20090529b20052008 uy 101 0 $aeng 135 $aurcn||||||||| 181 $ctxt$2rdacontent 182 $cc$2rdamedia 183 $acr$2rdacarrier 200 00$aAsia-Pacific trade and investment review 210 $aNew York $cUnited Nations, Economic and Social Commission for Asia and the Pacific 311 08$a1815-8897 517 1 $aAPTIR 517 1 $aTrade and investment review 606 $aCommerce$2fast$3(OCoLC)fst00869279 606 $aEconomic policy$2fast$3(OCoLC)fst00902025 606 $aAußenwirtschaft$2stw 606 $aDirektinvestition$2stw 606 $aUnternehmensentwicklung$2stw 606 $aAsiatisch-pazifischer Raum$2stw 606 $aINTRAREGIONAL TRADE$2unbist 606 $aECONOMIC INTEGRATION$2unbist 606 $aREGIONAL COOPERATION$2unbist 606 $aASIA AND THE PACIFIC$2unbist 606 $aINVESTMENTS$2unbist 606 $aGLOBALIZATION$2unbist 607 $aAsia$xCommerce$vPeriodicals 607 $aAsia$xCommerce$zPacific Area$vPeriodicals 607 $aPacific Area$xEconomic policy$vPeriodicals 607 $aPacific Area$xCommerce$vPeriodicals 607 $aPacific Area$xCommerce$zAsia$vPeriodicals 607 $aPacifique, Re?gion du$xE?conomie politique$vPe?riodiques 607 $aPacifique, Re?gion du$xCommerce$zAsie$vPe?riodiques 607 $aAsie$xE?conomie politique$vPe?riodiques 607 $aAsie$xCommerce$zPacifique, Re?gion du$vPe?riodiques 607 $aAsie$xCommerce$vPe?riodiques 607 $aPacifique, Re?gion du$xPolitique e?conomique$vPe?riodiques 607 $aPacifique, Re?gion du$xCommerce$vPe?riodiques 607 $aAsia$2fast$1https://id.oclc.org/worldcat/entity/E39PBJxMpyjKQ9Jtm3jkjPBgKd 607 $aPacific Area$2fast 608 $aPeriodicals.$2fast 615 7$aCommerce. 615 7$aEconomic policy. 615 7$aAußenwirtschaft. 615 7$aDirektinvestition. 615 7$aUnternehmensentwicklung. 615 7$aAsiatisch-pazifischer Raum. 615 17$aINTRAREGIONAL TRADE. 615 17$aECONOMIC INTEGRATION. 615 17$aREGIONAL COOPERATION. 615 17$aASIA AND THE PACIFIC. 615 17$aINVESTMENTS. 615 27$aGLOBALIZATION. 712 02$aUnited Nations.$bEconomic and Social Commission for Asia and the Pacific. 801 0$bCOO 801 1$bCOO 801 2$bOCLCQ 801 2$bDOS 801 2$bOCLCE 801 2$bOCLCQ 801 2$bOCLCF 801 2$bOCLCO 801 2$bOCLCQ 801 2$bOCLCO 801 2$bOCLCA 801 2$bOCLCO 801 2$bOCLCL 801 2$bOCLCQ 906 $aJOURNAL 912 $a9910895599703321 996 $aAsia-Pacific trade and investment review$94232522 997 $aUNINA LEADER 03263nam 22006015 450 001 9910751392503321 005 20260302105113.0 010 $a9783031403323$b(electronic bk.) 010 $z9783031403316 024 7 $a10.1007/978-3-031-40332-3 035 $a(MiAaPQ)EBC30787819 035 $a(Au-PeEL)EBL30787819 035 $a(CKB)28505140400041 035 $a(OCoLC)1405189916 035 $a(DE-He213)978-3-031-40332-3 035 $a(EXLCZ)9928505140400041 100 $a20231013d2023 u| 0 101 0 $aeng 135 $aurcnu|||||||| 181 $ctxt$2rdacontent 182 $cc$2rdamedia 183 $acr$2rdacarrier 200 10$aAdvanced Systems-Level Problem Solving, Volume 1 $eApproaching Real-World Complexity with Dialectical Thinking /$fby Otto Laske 205 $a2nd ed. 2023. 210 1$aCham :$cSpringer Nature Switzerland :$cImprint: Springer,$d2023. 215 $a1 online resource (xxix, 193 pages) $cillustrations (some color) 300 $aIncludes index. 311 08$aPrint version: Laske, Otto Advanced Systems-Level Problem Solving, Volume 1 Cham : Springer,c2023 9783031403316 327 $a1 What is your Inquiring System? -- 2 Modifications of truth over the lifespan -- 3 The concept of dialectic -- 4 How well-tempered is your thought clavier? -- 5 A process-model of social-emotional development. 330 $aThis three-volume set introduces the practice of advanced, ?dialectical? systems-level problem solving in both the social and natural sciences. In social science, it opens new vistas regarding organizational, strategy, and work design. In the natural sciences, it provides heretofore missing conceptions of physical systems in peril due to the climate crisis. In addition, the author draws conclusions that are important for advancing generative AI. The monograph presents novel conceptual tools that directly impact the internal structure of a systems analyst?s mental processing in real time. While the first volume lays the theoretical groundwork for dialectical systems analysis, the second, focusing on the nature of work, lays bare the structure of complex thinking in terms of the ?thought forms? it requires. In order to facilitate better understanding of the principles taught in the first two volumes, the third volume provides a Manual of Dialectical Thought Forms, which is the only one in existence today. 606 $aPsychology, Industrial 606 $aPsychology 606 $aIndustrial Psychology 606 $aWork and Organizational Psychology 606 $aBehavioral Sciences and Psychology 606 $aIdentificació de sistemes$2thub 606 $aDialèctica$2thub 608 $aLlibres electrònics$2thub 615 0$aPsychology, Industrial. 615 0$aPsychology. 615 14$aIndustrial Psychology. 615 24$aWork and Organizational Psychology. 615 24$aBehavioral Sciences and Psychology. 615 7$aIdentificació de sistemes 615 7$aDialèctica 676 $a153.42 700 $aLaske$b Otto$01432826 801 0$bMiAaPQ 801 1$bMiAaPQ 801 2$bMiAaPQ 912 $a9910751392503321 996 $aAdvanced Systems-Level Problem Solving, Volume 1$94451419 997 $aUNINA